| 000 | 00853nam0a22002411 4500 | ||
|---|---|---|---|
| 001 | rc\1066373 | ||
| 005 | 20250622095948.0 | ||
| 035 | _a(NLR Aleph) 006226728 | ||
| 090 |
_a6528442 _c6528442 |
||
| 100 | _a20041129d1980 |||y0rusy50 ca | ||
| 101 | 0 | _arus | |
| 102 | _aRU | ||
| 105 | _aa ||||||||| | ||
| 200 | 1 |
_aОкраина леса _e[Стихи _eДля сред. шк. возраста] _fВалерий Левановский _g[Худож. В. Кадочников] |
|
| 210 |
_aЧелябинск _cЮж.-Урал. кн. изд-во _d1980 |
||
| 215 |
_a31 с. _cил. _d20 |
||
| 700 | 1 |
_7ca _8rus _aЛевановский _bВ. Н. _f1947-2011 _gВалерий Николаевич _9240577 _3RU\NLR\AUTH\770240633 |
|
| 801 | 0 |
_aRU _bNLR _gpsbo |
|
| 801 | 1 |
_aRU _bELAR _2rusmarc |
|
| 852 |
_aNLR _j81-4/17878 |
||
| 942 | _cBOOK | ||
| 980 | _aNB | ||